| 000 | 00369nam a22001457a 4500 | ||
|---|---|---|---|
| 005 | 20250913162251.0 | ||
| 008 | 250913b |||||||| |||| 00| 0 eng d | ||
| 040 | _a04 | ||
| 100 | _aSINGH, DR AVTAR | ||
| 245 | _aPRINCIPLES OF BHARATIYA SAKSHYA ADHINIYAM 2023 | ||
| 260 | _aCLP PUB | ||
| 300 | _a656 | ||
| 650 | _aTHE BHARATIYA SAKSHYA ADHINIYAM 2023 | ||
| 942 | _c02 | ||
| 999 |
_c66242 _d66242 |
||